NBA Top 10 MVP Voting 1980s - Statistics

General Stats
  • This quiz has been taken 13 times
  • The average score is 86 of 99
Answer Stats
Year Team Player % Correct
1989: 6 76ers Charles Barkley
100%
1988: 4 76ers Charles Barkley
100%
1987: 6 76ers Charles Barkley
100%
1986: 6 76ers Charles Barkley
100%
1981: 8 SuperSonics Dennis Johnson
100%
1980: 5 SuperSonics Dennis Johnson
100%
1989: 5 Rockets Hakeem Olajuwon
100%
1988: 7 Rockets Hakeem Olajuwon
100%
1987: 7 Rockets Hakeem Olajuwon
100%
1986: 4 Rockets Hakeem Olajuwon
100%
1987: 8 Pistons Isiah Thomas
100%
1986: 9 Pistons Isiah Thomas
100%
1985: 9 Pistons Isiah Thomas
100%
1984: 5 Pistons Isiah Thomas
100%
1989: 7 Jazz John Stockton
100%
1988: 10 Jazz John Stockton
100%
1986: 5 Lakers Kareem Abdul-Jabbar
100%
1985: 4 Lakers Kareem Abdul-Jabbar
100%
1984: 4 Lakers Kareem Abdul-Jabbar
100%
1983: 10 Lakers Kareem Abdul-Jabbar
100%
1982: 10 Lakers Kareem Abdul-Jabbar
100%
1981: 3 Lakers Kareem Abdul-Jabbar
100%
1980: 1 Lakers Kareem Abdul-Jabbar
100%
1989: 3 Jazz Karl Malone
100%
1988: 8 Jazz Karl Malone
100%
1989: 8 Suns Kevin Johnson
100%
1988: 2 Celtics Larry Bird
100%
1987: 3 Celtics Larry Bird
100%
1986: 1 Celtics Larry Bird
100%
1985: 1 Celtics Larry Bird
100%
1984: 1 Celtics Larry Bird
100%
1983: 2 Celtics Larry Bird
100%
1982: 2 Celtics Larry Bird
100%
1981: 2 Celtics Larry Bird
100%
1980: 4 Celtics Larry Bird
100%
1989: 1 Lakers Magic Johnson
100%
1988: 3 Lakers Magic Johnson
100%
1987: 1 Lakers Magic Johnson
100%
1986: 3 Lakers Magic Johnson
100%
1985: 2 Lakers Magic Johnson
100%
1984: 3 Lakers Magic Johnson
100%
1983: 3 Lakers Magic Johnson
100%
1982: 8 Lakers Magic Johnson
100%
1981: 6 Bucks Marques Johnson
100%
1989: 2 Bulls Michael Jordan
100%
1988: 1 Bulls Michael Jordan
100%
1987: 2 Bulls Michael Jordan
100%
1985: 6 Bulls Michael Jordan
100%
1987: 10 Bullets Moses Malone
100%
1986: 10 76ers Moses Malone
100%
1985: 3 76ers Moses Malone
100%
1984: 10 76ers Moses Malone
100%
1983: 1 76ers Moses Malone
100%
1982: 1 Rockets Moses Malone
100%
1981: 4 Rockets Moses Malone
100%
1980: 9 Rockets Moses Malone
100%
1989: 4 Knicks Patrick Ewing
100%
1988: 6 Hawks Dominique Wilkins
92%
1987: 5 Hawks Dominique Wilkins
92%
1986: 2 Hawks Dominique Wilkins
92%
1984: 6 76ers Julius Erving
92%
1983: 5 76ers Julius Erving
92%
1982: 3 76ers Julius Erving
92%
1981: 1 76ers Julius Erving
92%
1980: 2 76ers Julius Erving
92%
1986: 8 Nuggets Alex English
83%
1983: 6 Nuggets Alex English
83%
1988: 5 Trail Blazers Clyde Drexler
83%
1986: 7 Bucks Sidney Moncrief
83%
1985: 8 Bucks Sidney Moncrief
83%
1984: 8 Bucks Sidney Moncrief
83%
1983: 4 Bucks Sidney Moncrief
83%
1982: 7 Bucks Sidney Moncrief
83%
1985: 7 Knicks Bernard King
75%
1984: 2 Knicks Bernard King
75%
1983: 9 Spurs George Gervin
75%
1982: 6 Spurs George Gervin
75%
1981: 5 Spurs George Gervin
75%
1980: 3 Spurs George Gervin
75%
1985: 10 Rockets Ralph Sampson
75%
1982: 4 Celtics Robert Parish
75%
1981: 7 Celtics Robert Parish
75%
1988: 9 Nuggets Fat Lever
67%
1987: 9 Nuggets Fat Lever
67%
1987: 4 Celtics Kevin McHale
67%
1989: 10 Cavaliers Mark Price
67%
1984: 7 Jazz Adrian Dantley
58%
1982: 9 SuperSonics Jack Sikma
58%
1989: 9 Suns Tom Chambers
58%
1983: 7 Nets Buck Williams
50%
1982: 5 SuperSonics Gus Williams
50%
1980: 8 SuperSonics Gus Williams
50%
1985: 5 Bucks Terry Cummings
50%
1981: 10 Lakers Jamaal Wilkes
42%
1981: 9 Celtics Nate Archibald
42%
1980: 5 Celtics Nate Archibald
42%
1983: 8 Spurs Artis Gilmore
33%
1980: 5 Hawks Dan Roundfield
25%
1984: 9 Bullets Jeff Ruland
17%
No matching quizzes found
Score Distribution
Percent of People with Each Score
Percentile by Number Answered
Your Score History
You have not taken this quiz